1516 1735 1384 1195 1353 1465 1475 1314 1395 1415 1753 1421 1687 1691 1327 1765 1225 1706 1514 1949 1092 1246 1076 1277 1467 1514 1116 1964 1796 1805 1110 1968 1068 1945 1574 1449 1307 1233 1255 1856 1203 1943 1305 1123 1560 1225 1498 1005 1867 1149 1845 1106 1293 1537 1851 1270 1763 1374 1119 1169 1426 1350 1588 1490 1306 1894 1237 1303 1340 1077 1232 1245 1561 1063 1117 1360 1627 1467 1065 1669 1596 1523 1564 1363 1666 1094 1789 1893 1960 1030 1188 1620 1099 1030 1043 1536 1263 1473 1885 BCNSPRNW ULIB Ver.6.0+V

เปลี่ยนเป็นภาษาไทย

Change to English
 แสดงรายละเอียดบรรณานุกรม
  กลับหน้าหลัก

Brief Record : Get Marc (ISO 2709) : E-mail record : QR code < ปิดหน้าต่าง
LEADER : 00000nam 2200000uu 4500
001    13399127659
003     ULIB
008    210316s2561||||th 000 0 tha d
020 ^   ^a9786164431409
060 ^   ^aWI703^bร924
245 1   ^aโรคตับคั่งน้ำดี =^bCholestatic liver disease /^c[บรรณาธิการ] พูลชัย จรัสเจริญวิทยา ...[และคนอื่น ๆ].
246 3   ^aCholestatic liver disease
250 ^   ^aพิมพ์ครั้งที่ 1.
260 ^   ^aกรุงเทพฯ :^bสาขาวิชาโรคระบบทางเดินอาหาร คณะแพทยศาสตร์ศิริราชพยาบาล มหาวิทยาลัยมหิดล,^c2561.
300 ^   ^a307, [13] หน้า :^bภาพประกอบ
650 ^   ^aตับ^xโรค.
650 ^   ^aท่อน้ำดีอุดตัน.
655 ^   ^aHealth Sciences Branch.
700 0   ^aพูลชัย จรัสเจริญวิทยา,^eบรรณาธิการ.
710 2   ^aมหาวิทยาลัยมหิดล.^bคณะแพทยศาสตร์ศิริราชพยาบาล.^bภาควิชาอายุรศาสตร์.^bสาขาวิชาโรคระบบทางเดินอาหาร
945    ^p0^l0^i28728
945    ^p0^l0^i28729
999    ^aกัณชพร จุลอักษร
รายการนี้ยังไม่มีแท็ก
คุณยังไม่ได้ล็อกอิน คุณสามารถมีกิจกรรมร่วมกับเว็บไซต์ได้ แต่ต้องล็อกอินก่อน ::
  ล็อกอิน

รายการสื่อสารสนเทศ

ลำดับที่ ประเภท เลขเรียก/บาร์โค้ด สถานที่ สถานะ
1. หนังสือสำรอง
หนังสือสำรอง
WI703 ร924 ฉ.1 
  Barcode: 28728
ห้องสมุดวิทยาเขตนครสวรรค์
►หนังสือทั่วไป:l:General Books
บนชั้น
2. วิทยาศาสตร์การแพทย์ และสุขภาพ
วิทยาศาสตร์การแพทย์ และสุขภาพ
WI703 ร924 ฉ.2 
  Barcode: 28729
ห้องสมุดวิทยาเขตนครสวรรค์
►หนังสือทั่วไป:l:General Books
บนชั้น

รายการใกล้เคียง
    หัวเรื่อง [ท่อน้ำดีอุดตัน.]

BibComment


ยังไม่เคยถูกคอมเมนท์

คอมเมนท์ทรัพยากรรายการนี้
  คอมเมนท์: โรคตับคั่งน้ำดี..


 Copyright 2026. Bcnsprnw @Library